Dane v trhovej ekonomike
Dane sú základom tvorby verejných financií v štandardnej trhovej ekonomike. Stabilita daňovej sústavy. Zásady a starostlivosť zdanenia. Spravodlivosť daní v dvoch dimenziách. Trend priateľského zdaňovania.
Na minha lista:
| Autor principal: | |
|---|---|
| Formato: | Capítulo de Livro |
| Idioma: | eslovaco |
| Assuntos: | |
| Tags: |
Sem tags, seja o primeiro a adicionar uma tag!
|
MARC
| LEADER | 00000naa$a2200000$$$4500 | ||
|---|---|---|---|
| 001 | 0058254 | ||
| 005 | 20231006122018.3 | ||
| 041 | 0 | |a slo | |
| 044 | |a SK | ||
| 245 | 1 | 0 | |a Dane v trhovej ekonomike |c Karol Bošanský |
| 520 | |a Dane sú základom tvorby verejných financií v štandardnej trhovej ekonomike. Stabilita daňovej sústavy. Zásady a starostlivosť zdanenia. Spravodlivosť daní v dvoch dimenziách. Trend priateľského zdaňovania. | ||
| 610 | 2 | 0 | |a dane |
| 610 | 2 | 0 | |a sústava daňová |
| 610 | 2 | 0 | |a spravodlivosť daňová |
| 610 | 2 | 0 | |a efektívnosť |
| 610 | 2 | 0 | |a daňovníci |
| 100 | 1 | |a Bošanský, Karol | |